| 000 | 00366nam a2200133Ia 4500 | ||
|---|---|---|---|
| 008 | 191014s9999 xx 000 0 und d | ||
| 020 | _a0-671-65453-5 | ||
| 082 |
_a327 _bSEG |
||
| 100 |
_aGerald Segal _920497 |
||
| 245 | 4 | _aThe Simon & Schuster Guide to the World Today | |
| 260 |
_aPakistan _bCombine Printers Lahore _c1987 |
||
| 300 | _aXxiii,296 | ||
| 942 | _cBK | ||
| 999 |
_c531084 _d531084 |
||